000 00349 a2200169 4500
001 44163
020 _a8526215868
040 _cAnchieta - Aquarius
100 _aAzevedo, Ricardo
240 1 0 _aMaria Gomes
_lpor
245 1 0 _aMaria Gomes
300 _a42
362 0 _a1990
440 1 _aScipione
650 4 _aLiteratura juvenil
942 _cBK
999 _c44163
_d44163